000 00856cab a2200265 4500
001 ABS50013
008 090401t1994 xxu||||| |||| 00| 0 eng d
035 _a(Sirsi) u73652
041 _aeng
100 _aMoss, N.
245 _aRetail development: PPG6 implications
260 _c1994
350 _a0
490 _aEstates Gazette
_v(9402) 15 January 1994, 97-99(3)
520 _aSummarises the revised Planning Policy Guidance Note 6 "Town centres and retail developments" and assesses likely implications for town centre and out-of-town retail schemes.
650 _aOUT-OF-TOWN SHOPPING
650 _aPLANNING POLICY GUIDANCE NOTE 6
650 _aPLANNING POLICY
650 _aRETAIL DEVELOPMENT
650 _aSHOPPING CENTRES
650 _aTOWN CENTRES
690 _aPLANNING LAW AND PRACTICE
942 _n0
948 _c04/03/1997
999 _c46514
_d46514